| 000 -LEADER |
| fixed length control field |
00829nam a22002297a 4500 |
| 005 - DATE AND TIME OF LATEST TRANSACTION |
| control field |
20240201083123.0 |
| 008 - FIXED-LENGTH DATA ELEMENTS--GENERAL INFORMATION |
| fixed length control field |
240201b ||||| |||| 00| 0 eng d |
| 020 ## - INTERNATIONAL STANDARD BOOK NUMBER |
| International Standard Book Number |
9781407157283 |
| 040 ## - CATALOGING SOURCE |
| Transcribing agency |
KH8 |
| 082 ## - DEWEY DECIMAL CLASSIFICATION NUMBER |
| Classification number |
FIC STI |
| 100 ## - MAIN ENTRY--PERSONAL NAME |
| Personal name |
Stine, R. L. |
| Relator term |
Author |
| 245 ## - TITLE STATEMENT |
| Title |
A shocker on Shock Street |
| Statement of responsibility, etc. |
R. L. Stine |
| 260 ## - PUBLICATION, DISTRIBUTION, ETC. |
| Place of publication, distribution, etc. |
Scholastic Inc., |
| Name of publisher, distributor, etc. |
New York, N.Y., |
| Date of publication, distribution, etc. |
2015 |
| 300 ## - PHYSICAL DESCRIPTION |
| Extent |
117 pages ; |
| Dimensions |
20 cm |
| 440 ## - SERIES STATEMENT/ADDED ENTRY--TITLE |
| Title |
Goosebumps |
| Volume/sequential designation |
bk. 35 |
| 520 ## - SUMMARY, ETC. |
| Summary, etc. |
Erin Wright and her best friend Marty love The Shocker on Shock Street movies, but get the scare of their lives when they visit the new Shocker Studio Theme Park |
| 521 ## - TARGET AUDIENCE NOTE |
| Target audience note |
<br/>Appeals to 4th-6th graders; reading level, grade 4. |
| 650 ## - SUBJECT ADDED ENTRY--TOPICAL TERM |
| Topical term or geographic name entry element |
Amusement parks |
| 650 ## - SUBJECT ADDED ENTRY--TOPICAL TERM |
| Topical term or geographic name entry element |
Amusement parks |
| Form subdivision |
Fiction |
| 650 ## - SUBJECT ADDED ENTRY--TOPICAL TERM |
| Topical term or geographic name entry element |
Amusement parks |
| Form subdivision |
Juvenile fiction |
| 942 ## - ADDED ENTRY ELEMENTS (KOHA) |
| Source of classification or shelving scheme |
|
| Koha item type |
Books - Fiction |